Corso di istituzioni di diritto romano.

Guardat en:
Dades bibliogràfiques
Autor principal: Cannata, Carlo Augusto (autore)
Format: Llibre
Publicat: Torino, Italia: G. Giappichelli Editore, 2001-2003
Matèries:
Etiquetes: Afegir etiqueta
Sense etiquetes, Sigues el primer a etiquetar aquest registre!

MARC

LEADER 00000nam a22000007a 4500
003 CL-VaPUC
005 20220822114542.0
008 220705k20012003 ||||| |||| 00| 0 eng d
999 |c 436663  |d 436661 
020 |a 88-348-1189-5 
040 |c Pontificia Universidad Católica de Valparaíso 
082 7 |a 340.54 CAN 2001 (v.I)  |a 340.54 CAN 2003 (v.II,1)  |2 22 
100 |a Cannata, Carlo Augusto  |9 296607  |e autore 
245 |a Corso di istituzioni di diritto romano. 
260 |a Torino, Italia:  |b G. Giappichelli Editore,   |c 2001-2003 
300 |a Volumen I; 560 páginas. 
500 |a c.1 Donación Familia Prof. Alejandro Guzmán Brito. 
583 |c 20220705  |k Catalogador Asistente 
650 |a Derecho romano  |9 255930 
650 |a Derecho   |x Jurisprudencia   |9 872182 
942 |2 ddc  |c BK  |n 0 
952 |0 0  |1 0  |2 ddc  |4 0  |6 340_540000000000000_CAN_2001  |7 0  |8 C_AGB  |9 584352  |a BIBDER  |b BIBDER  |d 2022-07-05  |e Donación  |h v.I  |i 5652479  |o 340.54 CAN 2001  |p 5652479  |r 2023-01-25  |t 1  |w 2022-07-05  |y BK_US  |k AGB 
952 |0 0  |1 0  |2 ddc  |4 0  |6 340_540000000000000_CAN_2003  |7 0  |8 C_AGB  |9 585800  |a BIBDER  |b BIBDER  |d 2022-08-03  |e Donación   |h v.II,1  |i 5653775  |o 340.54 CAN 2003  |p 5653775  |r 2023-01-25  |t 1  |w 2022-08-03  |y BK_US  |k AGB